Statistics for Marvel Cinematic Universe Characters

Click here to take the quiz!

General Stats

  • This quiz has been taken 32 times
    (5 since last reset)
  • The average score is 171 of 382

Answer Stats

MovieAnswer% Correct
The Incredible HulkHulk (Bruce Banner)
100%
Iron ManIron Man (Tony Stark)
100%
Abomination (Emil Blonsky)
80%
WandaVisionAgatha Harkness
80%
Agent Peggy Carter
80%
Doctor Strange in the Multiverse of MadnessAmerica Chavez
80%
Ant-ManAnt-Man (Scott Lang)
80%
Aunt May
80%
Betty Ross
80%
Black Panther : Wakanda ForeverBlack Panther(Shuri)
80%
Captain America : Civil WarBlack Panther (T'Challa)
80%
Black Widow (Natasha Romanoff)
80%
Boastful Loki
80%
Captain America : The First AvengerCaptain America (Steve Rogers)
80%
Captain Carter (Peggy Carter)
80%
Captain MarvelCaptain Marvel (Carol Danvers)
80%
Captain Marvel (Maria Rambeau)
80%
Classic Loki
80%
Darcy Lewis
80%
Doctor StrangeDoctor Strange (Dr. Stephen Strange)
80%
Dormammu
80%
Drax the Destroyer
80%
Dr. Jane Foster
80%
Edwin Jarvis
80%
Falcon (Sam Wilson)
80%
Gamora
80%
General Thaddeus "Thunderbolt" Ross
80%
Groot
80%
Happy Hogan
80%
Hawkeye (Clint Barton)
80%
HawkeyeHawkeye (Kate Bishop)
80%
Howard the Duck
80%
J.A.R.V.I.S.
80%
Loki Laufeyson
80%
"Mandarin" (Trevor Slattery)
80%
Mantis
80%
Michelle "MJ" Jones
80%
Spider-Man : Far From HomeMysterio (Quentin Beck)
80%
Nathaniel Barton
80%
Nebula
80%
Nick Fury
80%
Odin Borson
80%
President Loki
80%
Quicksilver (Pietro Maximoff)
80%
Red Skull (Johan Schmidt)
80%
Rescue (Pepper Potts)
80%
Rocket Raccoon
80%
Scarlet Witch (Wanda Maximoff)
80%
Shuri
80%
Spider-Man (Peter Parker)
80%
Guardians of the GalaxyStar-Lord (Peter Quill)
80%
Strange Supreme (Dr. Stephen Strange)
80%
Thanos
80%
ThorThor Odinson
80%
Avengers : Age of UltronUltron
80%
Vision
80%
Spider-Man : HomecomingVulture (Adrian Toomes)
80%
Wasp (Hop Van Dyne)
80%
Iron Man 2Whiplash (Ivan Vanko)
80%
Winter Soldier (James Buchanan "Bucky" Barnes)
80%
Wong
80%
Agent Jasper Sitwell
60%
Agent Jimmy Woo
60%
Agent Phil Coulson
60%
Agent Sharon Carter
60%
Iron Man 3Aldrich Killian
60%
Captain America : The Winter SoldierAlexander Pierce
60%
Ancient One
60%
Arnim Zola
60%
Ayesha
60%
Baron Mordo (Karl Mordo)
60%
Baron Wolfgang von Strucker
60%
Baron Zemo (Helmut Zemo)
60%
Bill Foster
60%
Cassie Lang
60%
Christine Everhart
60%
Cooper Barton
60%
Avengers : Infinity WarCorvus Glaive
60%
Crossbones (Brock Rumlow)
60%
Cull Obsidian
60%
Daniel Drumm
60%
Destroyer
60%
Doctor Octopus (Dr. Otto Octavius)
60%
Dr. Christine Palmer
60%
Dr. Erik Selvig
60%
Dr. Hank Pym
60%
Dr. List
60%
Dum Dum Dugan
60%
Ebony Maw
60%
Echo (Maya Lopez)
60%
Guardians of the Galaxy Vol. 2Ego the Living Planet
60%
Electro (Max Dillon)
60%
Eugene "Flash" Thompson
60%
Fandral
60%
Flag Smasher (Karli Morgenthau)
60%
Frigga
60%
Georges Batroc
60%
Ant-Man and the WaspGhost (Ava Starr)
60%
Grandmaster (En Dwi Gast)
60%
Spider-Man : No Way HomeGreen Goblin (Norman Osborn)
60%
Harley Keener
60%
Thor : RagnarokHela Odinsdottir
60%
He Who Remains (Nathaniel RIchards)
60%
Howard Stark
60%
Ho Yinsen
60%
Ironheart (Riri Williams)
60%
Iron Monger (Obadiah Stane)
60%
Justin Hammer
60%
K.E.V.I.N.
60%
Black PantherKillmonger (N'Jadaka/Erik Stevens)
60%
King T'Chaka
60%
Korath the Pursuer
60%
Korg
60%
Kraglin Obfonteri
60%
Kro
60%
Kurse (Algrim)
60%
Lady Sif
60%
Laufey
60%
Laura Barton
60%
Leader (Samuel Stern)
60%
Lila Barton
60%
Lizard (Dr. Curt Connors)
60%
Luis
60%
Thor : The Dark WorldMalekith
60%
The AvengersMaria Hill
60%
Maria Rambeau
60%
Maria Stark
60%
Mar-Vell
60%
M'Baku
60%
Meredith Quill
60%
Miek
60%
Minn-Erva
60%
Moon KnightMoon Knight/Mr. Knight (Marc Spector/Steven Grant/Jake Lockley)
60%
Avengers: EndgameMorgan Stark
60%
Ms. MarvelMs. Marvel (Kamala Khan)
60%
Nakia
60%
Nakia Bahadir
60%
Ned Leeds
60%
Nova Prime Irani Rael
60%
Proxima Midnight
60%
Queen Ramonda
60%
"Quicksilver" (Ralph Bohner)
60%
Raza
60%
Ronan the Accuser
60%
Sandman (Flint Marko)
60%
Shang-Chi and the Legend of the Ten RIngsShang-Chi
60%
She-Hulk : Attorney at LawShe-Hulk (Jennifer Walters)
60%
Shocker (Herman Schultz)
60%
Skurge the Executioner
60%
Soren
60%
Spectrum (Monica Rambeau)
60%
Speed (Tommy Maximoff)
60%
Supreme Intelligence
60%
Talos
60%
Taserface
60%
The Collector (Taneleer Tivan)
60%
The Other
60%
Topaz
60%
Ulysses Klaue
60%
The Falcon and the Winter SoldierU.S. Agent (John Walker)
60%
Valkyrie (Brunnhilde)
60%
Volstagg
60%
War Machine (James Rhodes)
60%
Wiccan (Billy Maximoff)
60%
W'Kabi
60%
Black WidowYelena Belova
60%
Yellowjacket (Darren Cross)
60%
Yondu Udonta
60%
Yon-Rogg
60%
Zeus
60%
Guardians of the Galaxy Vol. 3Adam Warlock
40%
Agent Everett Ross
40%
Ajak
40%
Aleta Ogord
40%
Anton Vanko
40%
Arthur Harrow
40%
Astrid/Axl Heimdallson
40%
Att-Lass
40%
Ayo
40%
Battlestar (Lemar Hoskins)
40%
Betty Brant
40%
Blade (Eric Brooks)
40%
Bor
40%
Brad Davis
40%
Bron-Char
40%
Charlie-27
40%
Chester Phillips
40%
Coach Wilson
40%
Cosmo the space dog
40%
Daredevil (Matt Murdock)
40%
Dave
40%
Dimitri Smerdyakov
40%
Dr. Maya Hansen
40%
Dr. Nicodemus West
40%
E.D.I.T.H.
40%
Ellen Brandt
40%
Elsa Bloodstone
40%
Eric Savin
40%
Eson the Searcher
40%
Fenris
40%
Floor
40%
Gabe Jones
40%
Garthan Saal
40%
General Okoye
40%
Giah
40%
Gilgamesh
40%
Thor : Love and ThunderGorr the God Butcher
40%
Heimdall
40%
Heinz Kruger
40%
Hercules
40%
Hogun
40%
Ikaris
40%
Jacques Dernier
40%
James Montgomery Falsworth
40%
Janet Van Dyne
40%
Jason Quill
40%
Jim Morita
40%
Jim Paxton
40%
J.Jonah Jameson
40%
Joaquin Torres
40%
Julius Dell
40%
Kaecilius
40%
Ant-Man and the Wasp : QuantumaniaKang the Conqueror (Nathaniel Richards)
40%
Katy Chen
40%
Guardians of the Galaxy Holiday SpecialKevin Bacon
40%
King Eitri
40%
Kingpin (Wilson Fisk)
40%
Krugarr
40%
Kurt
40%
Leonard Samson
40%
Liz Allan
40%
Love
40%
Lylla
40%
Maggie Lang
40%
Martinex
40%
Miss Minutes
40%
Mitchell Carson
40%
LokiMobius M. Mobius
40%
Phastos
40%
Professor X (Charles Xavier)
40%
Prowler (Aaron Davis)
40%
Ravonna Renslayer
40%
Rhomann Dey
40%
Roger Harrington
40%
Sara Wolfe
40%
EternalsSersi
40%
Sonny Burch
40%
Sprite
40%
Starhawk (Stakar Ogord)
40%
Surtur
40%
Sylvie Laufeydottir
40%
Taskmaster (Antonia Dreykov)
40%
Teefs
40%
The Broker
40%
Tinkerer (Phineas Mason)
40%
Titania (Mary Macpherran)
40%
Tyler Hayward
40%
Tyr
40%
What If...?Uatu the Watcher
40%
Venom (Eddie Brock)
40%
Wenwu
40%
William Ginter Riva
40%
Zuri
40%
Agent P. Cleary
20%
Alligator Loki
20%
Ammit
20%
Aneka
20%
Arishem the Judge
20%
Attuma
20%
Augustus "Pug" Pugliese
20%
Bruno Carrelli
20%
Bulldozer (Henry Camp)
20%
Cagliostro (O'Bengh)
20%
Centurion (Nathaniel Richards)
20%
Clea
20%
Dane Whitman
20%
Dar-Benn
20%
Death Dealer
20%
Druig
20%
Dweller-in-Darkness
20%
El Aguila
20%
Eleanor Bishop
20%
Eli Bradley
20%
Elihas Starr
20%
Emperor Dro'ge
20%
Eternity
20%
F.R.I.D.A.Y.
20%
General Dreykov
20%
Secret InvasionGravik
20%
High Evolutionary
20%
Holden Holliway
20%
HulkKing (Todd Phelps)
20%
Hunter B-15
20%
Hydra Stomper (Steve Rogers)
20%
Immortus (Nathaniel Richards)
20%
Infinity Ultron
20%
Isaiah Bradley
20%
Jentorra
20%
Kamran
20%
Kazi Kazimierczak
20%
Khonshu
20%
Kid Loki
20%
King Blackbolt (Blackagar Boltagon)
20%
Kingo
20%
Leapfrog (Eugene Patilio)
20%
Lord Krylar
20%
Lucky the Pizza Dog
20%
Luke Jacobson
20%
Mac Gargan
20%
Makkari
20%
Mallory Book
20%
Man-Bull
20%
Man-Thing (Ted Sallis)
20%
Melina Vostokoff
20%
Mister Fantastic (Reed Richards)
20%
Mister Gryphon (Nathaniel Richards)
20%
M.O.D.O.K. (Darren Cross)
20%
Najma
20%
Namor
20%
Namora
20%
NIkki Ramos
20%
Osiris
20%
Ouroboros
20%
Phyla
20%
Piledriver (Brian Phillip Calusky)
20%
Pip the Troll
20%
Porcupine
20%
Prince Yan
20%
Quaz
20%
Raava/ Fake Rhodes
20%
Rama-Tut (Nathaniel Richards)
20%
Rapu
20%
Razor Fist
20%
Red Dagger (Kareem)
20%
Red Guardian (Alexi Shostakov)
20%
Rick Mason
20%
Rintrah
20%
Saracen
20%
Scarlet Scarab (Layla El-Faouly)
20%
Soh-Larr
20%
Sonya Falsworth
20%
Starfox (Eros)
20%
Swordsman (Jack Duquesne)
20%
Taweret
20%
Thena
20%
Throg
20%
Thunderball (Eliot Franklin)
20%
Tiamut the Communicator
20%
Toothgnasher
20%
Toothgrinder
20%
Ursa Major
20%
Valentina Allegra de Fontaine
20%
Varra/ Priscilla Fury
20%
Veb
20%
Victor Timely (Nathaniel Richards)
20%
Werewolf by NightWerewolf by Night (Jack Russel)
20%
Wrecker (Dirk Garthwaite)
20%
Xialing
20%
Xolum
20%
Ying Li
20%
Ying Nan
20%
Artemis
0%
Bast
0%
The MarvelsBeast (Hank McCoy)
0%
Loki (Season 2)Brad Wolfe/ Hunter X-5
0%
Dionysus
0%
Dr. Abraham Erskine
0%
General Dox
0%
Griot
0%
Hargen the Measurer
0%
Jemiah the Analyzer
0%
Judge Gamble
0%
King Yakan
0%
Mighty Thor (Dr. Jane Foster)
0%
Mr. Immortal (Craig Hollis)
0%
Nezarr the Calculator
0%
Papp-Tonn
0%
President Ritson
0%
Skaar
0%
Star-Lord (T'Challa)
0%
T'Challa II
0%
Ty-Rone
0%

Score Distribution

Percentile by Number Answered

Percent of People with Each Score

Your Score History

You have not taken this quiz since the last reset